000 00457 a2200169 4500
001 066146
003 OSt
005 20210915103813.0
008
082 _a519.2
_bR73I
100 1 _aRoss, Sheldon M.
245 1 _aProbability and statistics for engineers and scientists
_cby Sheldon M. Ross
260 _aUK
_bElsevier
_c2010
300 _a664p.
690 _aMathematical statistics; Probabilities
942 _2ddc
_cBK
999 _c332
_d332